Statistics for the hobbit quiz

Click here to take the quiz!

General Stats

  • This quiz has been taken 219 times
  • The average score is 10 of 15

Answer Stats

questionsAnswer% Correct
what is gandalf colourgrey
97%
what does gollum loosering
89%
how many dwarves are there13
84%
who killed smaugbard
84%
what can beorn turn intobear
82%
who is thorins dadthrane
77%
who is the oldest dwarfbalin
75%
what relashion is fili to thorinnephew
69%
who is next in line after thorinfili
65%
where is the arkenstonethe lonely mountain
65%
who was king under the mountain when it was destroyedthror
64%
what is bilbos job given by gandalfburglar
60%
the town where bilbo liveshobbiton
56%
what does bilbo forgethankerchief
29%
what was bilbos winning riddlewhat have i got in my pocket
26%

Score Distribution

Percentile by Number Answered

Percent of People with Each Score

Your Score History

You have not taken this quiz